Top 50 Highest Grossing 90's Movies - Statistics

General Stats
  • This quiz has been taken 138 times
  • The average score is 16 of 50
Answer Stats
Grossed (in millions) Movie % Correct
$2201.6 Titanic
95%
$678.2 Forrest Gump
78%
$1099.4 Jurassic Park
70%
$1063.6 The Lion King
66%
$394.4 Toy Story
63%
$504.1 Aladdin
53%
$336.5 Batman Forever
50%
$817.4 Independence Day
47%
$463.5 The Matrix
47%
$589.4 Men In Black
42%
$481.8 Saving Private Ryan
42%
$425.0 Beauty And The Beast
40%
$457.7 Mission: Impossible
40%
$497.4 Toy Story 2
40%
$476.7 Home Alone
38%
$553.7 Armageddon
36%
$505.7 Ghost
36%
$327.3 Seven / Se7en
34%
$463.4 Pretty Women
32%
$351.6 The Mask
28%
$352.2 GoldenEye
27%
$350.4 Speed
26%
$1027.0 Star Wars: The Phantom Menace
26%
$672.8 The Sixth Sense
26%
$346.1 Pocahontas
25%
$355.2 Apollo 13
24%
$441.3 Mrs. Doubtfire
24%
$448.2 Tarzan
24%
$494.5 Twister
24%
$363.3 A Bug's Life
23%
$356.3 American Beauty
22%
$520.9 Terminator 2: Judgement Day
22%
$333.0 Tomorrow Never Dies
21%
$378.8 True Lies
21%
$424.2 Dances With Wolves
20%
$369.9 There's Something About Mary
20%
$335.1 The Rock
20%
$363.9 Notting Hill
18%
$368.9 The Fugitive
18%
$361.8 The World Is Not Enough
17%
$366.1 Die Hard With A Vengeance
16%
$390.5 Robin Hood: Prince Of Thieves
16%
$411.0 The Bodyguard
16%
$379.0 Godzilla
15%
$618.6 The Lost World: Jurassic Park
15%
$415.9 The Mummy
14%
$349.5 Deep Impact
13%
$352.9 Basic Instinct
10%
$365.1 Home Alone 2: Lost In New York
8%
$341.6 The Flintstones
7%
No matching quizzes found
Score Distribution
Percent of People with Each Score
Percentile by Number Answered
Your Score History
You have not taken this quiz